Wohnungswirtschaft und Wohnunspolitik in Wien.

Konvergentné a divergentné formy bytového hospodárstva a bytovej politiky vo Viedni. Trhovo-konformné financovanie sociálnej bytovej výstavby. Posun k subvencovaným bankovým pôžičkam, vlastnému financovaniu, ap. Divergencie v oblasti investorov, nájomného práva, sanačnej a vlastníckej politiky. Osob...

Descripción completa

Guardado en:
Detalles Bibliográficos
Autor principal: Matznetter, W.
Formato: Capítulo de libro
Lenguaje:alemán
Materias:
Etiquetas: Agregar Etiqueta
Sin Etiquetas, Sea el primero en etiquetar este registro!

MARC

LEADER 00000naa a2200000 4500
001 r005899
005 20221130103836.3
041 0 |a ger 
044 |a DE 
245 1 0 |a Wohnungswirtschaft und Wohnunspolitik in Wien.  |c W. Matznetter 
520 |a Konvergentné a divergentné formy bytového hospodárstva a bytovej politiky vo Viedni. Trhovo-konformné financovanie sociálnej bytovej výstavby. Posun k subvencovaným bankovým pôžičkam, vlastnému financovaniu, ap. Divergencie v oblasti investorov, nájomného práva, sanačnej a vlastníckej politiky. Osobitosti bytového hospodárstva vo Viedni. 
610 2 0 |a hospodárstvo bytové 
610 2 0 |a Viedeň 
610 2 0 |a výstavba bytová 
610 2 0 |a Rakúsko 
610 2 0 |a investori 
610 2 0 |a právo občianske 
100 1 |a Matznetter, W.